| 000 | 01217nam a22004690a 4500 | ||
|---|---|---|---|
| 001 | PT32775 | ||
| 003 | AR-LpoUNG | ||
| 005 | 20210131230031.0 | ||
| 008 | 191001s[s.f||||ag |||||||||||||||||spa d | ||
| 040 |
_aAR-LpoUNG _bspa _cAR-LpoUNG _eaacr |
||
| 041 | _aspa | ||
| 044 | _aag | ||
| 082 | 0 | _a982.065 257dic | |
| 100 | 1 | _aCaraballo, Liliana | |
| 245 | 1 | 3 |
_aLa dictadura : _b1976-1983 : testimonios y documentos |
| 250 | _a1ª ed. | ||
| 260 |
_a[Buenos Aires] : _bOficina de Publicaciones de CBC, _c[s.f.]. |
||
| 300 |
_a161 p. : _bil. |
||
| 650 | 4 | _aANALISIS HISTORICO | |
| 650 | 4 | _aARGENTINA | |
| 650 | 4 | _aASPECTOS ECONOMICOS | |
| 650 | 4 | _aCENSURA | |
| 650 | 4 | _aDICTADURA | |
| 650 | 4 | _aDOCUMENTOS PRIMARIOS | |
| 650 | 4 | _aGOBIERNO MILITAR | |
| 650 | 4 | _aHISTORIA | |
| 650 | 4 | _aIGLESIA | |
| 650 | 4 | _aJUVENTUD | |
| 650 | 4 | _aMEDIOS DE COMUNICACION | |
| 650 | 4 | _aMOVIMIENTO DE TRABAJADORES | |
| 650 | 4 | _aREVOLUCION | |
| 650 | 4 | _aSOCIEDAD | |
| 650 | 4 | _aUNIVERSIDADES | |
| 650 | 4 | _aVIOLENCIA | |
| 651 | 4 | _aArgentina | |
| 653 | _aTESTIMONIOS | ||
| 700 | 1 |
_aBarrotarán, Patricia _ecol. |
|
| 700 | 1 | _aCharlier, Noemí | |
| 700 | 1 | _aGarulli, Liliana | |
| 905 | _a32775 | ||
| 942 | _cLIB | ||
| 999 |
_c988 _d988 |
||